| 000 | 00636nam a22002177a 4500 | ||
|---|---|---|---|
| 001 | sjds | ||
| 003 | sjds | ||
| 005 | 20220504183923.0 | ||
| 008 | 220504b sp ||||| |||| 00| 0 spa d | ||
| 020 | _a0922852308 | ||
| 020 | _a9780922852307 | ||
| 040 | _csjds | ||
| 041 |
_aspa _aeng |
||
| 100 | _aSanchez, Ricardo | ||
| 245 |
_aNumeros = _bNumbers / _cdibujos de Ricardo Sánchez. |
||
| 246 | _aNumbers | ||
| 260 |
_aBilbao, Espana : _bFHERSAL ; Cincinnati, Ohio : Another Language Press, _c[198-?] |
||
| 300 |
_a1 volume (unpaged) : _bcolor illustrations ; _c20 cm. |
||
| 440 | _aColeccion Libros didacticos FHER. | ||
| 942 | _cBK | ||
| 999 |
_c27002 _d27002 |
||